[Event "Xativa Murta op 5th"]
[Site "Xativa"]
[Date "2019.07.19"]
[Round "7"]
[White "Morant Gomar, Sergio"]
[Black "Custard Gasco, Daniela Brenda"]
[Result "0-1"]
[WhiteElo "1653"]
[BlackElo "1811"]
[PlyCount "90"]
[EventDate "2019.07.15"]
[EventType "swiss"]
[EventRounds "9"]
[EventCountry "ESP"]
[SourceTitle "EXT 2020"]
[Source "ChessBase"]
[SourceDate "2019.10.17"]
[SourceVersion "1"]
[SourceVersionDate "2019.10.17"]
[SourceQuality "1"]

1. c4 e5 2. Nc3 Nc6 3. g3 Bc5 4. Bg2 a6 5. Nf3 d6 6. a3 Ba7 7. b4 Nge7 8. Bb2 Be6 9. d3 h6 10. Nd2 Qc8 11. Rb1 Bh3 12. 0-0 h5 13. Nde4 h4 14. e3 hxg3 15. Qf3 Bxg2 16. Qxg2 gxh2+ 17. Kh1 Kf8 18. c5 Qe6 19. f4 Nf5 20. Rbe1 f6 21. fxe5 Nxe5 22. Ng5 Qc8 23. d4 Nd3 24. Re2 Nxb2 25. Rxb2 Nxe3 26. Qe2 Nxf1 27. Qxf1 Qg4 28. Rg2 Qd7 29. Nd5 Rh6 30. Nxc7 Re8 31. Nxe8 Qxe8 32. Re2 Qc6+ 33. Rg2 dxc5 34. bxc5 Bb8 35. Nf3 Rh3 36. Ng5 Rg3 37. Nh7+ Kg8 38. Nxf6+ gxf6 39. Qc4+ Kg7 40. d5 Qb5 41. Rxg3+ Bxg3 42. Qg4+ Kf7 43. Qxg3 Qxc5 44. d6 Qg1+ 45. Qxg1 hxg1Q+ 0-1

[Event "Xativa Murta op 5th"]
[Site "Xativa"]
[Date "2019.07.17"]
[Round "4"]
[White "Morant Gomar, Sergio"]
[Black "Reig Albero, Ferran"]
[Result "0-1"]
[WhiteElo "1653"]
[BlackElo "1946"]
[PlyCount "64"]
[EventDate "2019.07.15"]
[EventType "swiss"]
[EventRounds "9"]
[EventCountry "ESP"]
[SourceTitle "EXT 2020"]
[Source "ChessBase"]
[SourceDate "2019.10.17"]
[SourceVersion "1"]
[SourceVersionDate "2019.10.17"]
[SourceQuality "1"]

1. c4 Nf6 2. Nc3 e6 3. Nf3 d5 4. cxd5 exd5 5. e3 Be7 6. g3 c6 7. Bg2 Bf5 8. 0-0 Nbd7 9. d4 Ne4 10. a3 0-0 11. Bd2 Re8 12. b4 b5 13. Ne5 Nxe5 14. dxe5 Nxd2 15. Qxd2 a5 16. Ne2 Qb6 17. Nd4 Bd7 18. Nb3 axb4 19. axb4 Ra4 20. Rxa4 bxa4 21. Nc5 Bxc5 22. bxc5 Qxc5 23. Rc1 Qe7 24. Qd4 Ra8 25. e4 dxe4 26. Bxe4 a3 27. Bxc6 Rc8 28. Qa4 Qxe5 29. Qxa3 Rxc6 30. Rd1 Be8 31. Qa8 Rc2 32. Qa4 Bxa4 0-1

[Event "Xativa Murta op 4th"]
[Site "Xativa"]
[Date "2018.07.19"]
[Round "6"]
[White "Sanchez Jerez, Emilio Miguel"]
[Black "Morant Gomar, Sergio"]
[Result "1-0"]
[WhiteElo "2253"]
[BlackElo "1664"]
[PlyCount "79"]
[EventDate "2018.07.16"]
[EventType "swiss"]
[EventRounds "7"]
[EventCountry "ESP"]
[SourceTitle "CBM 185 Extra"]
[Source "ChessBase"]
[SourceDate "2018.07.29"]
[SourceVersion "1"]
[SourceVersionDate "2018.07.29"]
[SourceQuality "1"]

1. Nc3 Nf6 2. e4 d6 3. d4 Bg4 4. f3 Bh5 5. Be3 Nbd7 6. g4 Bg6 7. g5 Ng8 8. f4 f6 9. Bc4 Nb6 10. Be6 Bf7 11. d5 Bxe6 12. dxe6 Qc8 13. Qg4 Nc4 14. Bd4 c5 15. Bf2 Nxb2 16. Qe2 Qc6 17. a4 Qa6 18. Nb5 Qa5+ 19. c3 Nxa4 20. Nf3 a6 21. Rxa4 Qxa4 22. Nc7+ Kd8 23. Nxa8 Qa1+ 24. Qd1 Qxc3+ 25. Nd2 Qb4 26. 0-0 g6 27. Qc2 Qb5 28. Rb1 Qc6 29. Nb6 fxg5 30. Qc3 Nf6 31. fxg5 Bg7 32. gxf6 Bxf6 33. Qa5 Ke8 34. Nd5 b5 35. Be3 g5 36. Rf1 h6 37. Nxf6+ exf6 38. Rxf6 Ke7 39. Qc3 b4 40. Rf7+ 1-0

[Event "Xeraco Region-ch Preferente"]
[Site "Xeraco"]
[Date "2016.11.12"]
[Round "6"]
[White "Morant Gomar, Sergio"]
[Black "Martinez Clari, Joan"]
[Result "0-1"]
[WhiteElo "1682"]
[BlackElo "1948"]
[PlyCount "96"]
[EventDate "2016.10.01"]
[EventType "swiss"]
[EventRounds "7"]
[EventCountry "ESP"]
[SourceTitle "EXT 2024"]
[Source "ChessBase"]
[SourceDate "2023.10.10"]
[SourceVersion "1"]
[SourceVersionDate "2023.10.10"]
[SourceQuality "1"]

1. c4 Nf6 2. Nc3 e6 3. g3 d5 4. cxd5 exd5 5. d4 c6 6. Nf3 Bf5 7. Qb3 Qc8 8. Bg2 Bd6 9. 0-0 Nbd7 10. Nh4 Nb6 11. Bg5 Ne4 12. Nxe4 Bxe4 13. f3 Bf5 14. e4 Be6 15. e5 h6 16. Bc1 Be7 17. Qe3 g5 18. f4 gxh4 19. f5 Bxf5 20. Qf3 Be6 21. Bf4 Qd7 22. a4 a5 23. b3 0-0-0 24. Bd2 Bb4 25. Bxb4 axb4 26. a5 Na8 27. a6 b5 28. a7 Kb7 29. Qf2 hxg3 30. hxg3 Rdg8 31. Qa2 Nc7 32. Qf2 Ra8 33. Qf6 Rhg8 34. Kh2 Rxa7 35. Rxa7+ Kxa7 36. Bh3 Bxh3 37. Qxf7 Be6 38. Qxd7 Bxd7 39. Rf7 Rd8 40. Rh7 Ne6 41. Rxh6 Nxd4 42. Rh7 Kb6 43. Rg7 Nxb3 44. g4 d4 45. Rg6 Nc5 46. Kg3 b3 47. Rh6 b2 48. Rh1 Ne4+ 0-1

[Event "Xativa Murta op 2nd"]
[Site "Xativa"]
[Date "2016.08.27"]
[Round "8"]
[White "Martin Perez, Carlos"]
[Black "Morant Gomar, Sergio"]
[Result "1-0"]
[WhiteElo "1961"]
[BlackElo "1680"]
[PlyCount "69"]
[EventDate "2016.08.22"]
[EventType "swiss"]
[EventRounds "9"]
[EventCountry "ESP"]
[SourceTitle "CBM 174 Extra"]
[Source "ChessBase"]
[SourceDate "2016.10.10"]
[SourceVersion "1"]
[SourceVersionDate "2016.10.10"]
[SourceQuality "1"]

1. e4 c5 2. Nc3 Nc6 3. g3 g6 4. Bg2 Bg7 5. d3 d6 6. h3 Bd7 7. Be3 a6 8. f4 e6 9. Nf3 b5 10. 0-0 b4 11. Na4 Nce7 12. b3 Bxa1 13. Qxa1 f6 14. e5 Nd5 15. exd6 Bxa4 16. Bxc5 Rc8 17. Qd4 Bc6 18. Re1 Kf7 19. g4 Nh6 20. a3 a5 21. axb4 axb4 22. Qc4 Re8 23. Nd4 Qd7 24. f5 gxf5 25. gxf5 Nf4 26. fxe6+ Nxe6 27. Bxc6 Rxc6 28. Nxe6 Rxe6 29. Rxe6 Qxe6 30. d7 Rxc5 31. d8N+ Kg6 32. Qxe6 Rxc2 33. Nc6 Rc1+ 34. Kf2 Rc2+ 35. Ke1 1-0

[Event "Alzira-ch Preferente"]
[Site "Alzira"]
[Date "2004.??.??"]
[Round "7"]
[White "Engo Pardo, Javier"]
[Black "Morant Gomar, Sergio"]
[Result "1-0"]
[WhiteElo "1845"]
[BlackElo "1940"]
[PlyCount "127"]
[EventDate "2004.??.??"]
[EventType "swiss"]
[EventRounds "7"]
[EventCountry "ESP"]
[SourceTitle "EXT 2007"]
[Source "ChessBase"]
[SourceDate "2006.11.23"]
[SourceVersion "1"]
[SourceVersionDate "2006.11.23"]
[SourceQuality "1"]

1. e4 c5 2. Nf3 d6 3. b3 Nc6 4. Bb2 Qc7 5. Nc3 Nf6 6. d4 cxd4 7. Nxd4 a6 8. Be2 e5 9. Nf3 Be7 10. 0-0 0-0 11. h3 b5 12. a3 Bb7 13. Nd5 Qd8 14. Nxf6+ Bxf6 15. c4 Na7 16. Qc2 Qc7 17. Rac1 Rac8 18. Nd2 d5 19. Bg4 bxc4 20. bxc4 d4 21. Bxc8 Rxc8 22. Nf3 Nb5 23. c5 Qa5 24. Qd3 Bc6 25. Nd2 Nc7 26. Nc4 Qb5 27. a4 Qb8 28. Nb6 Rd8 29. Ba3 Ne6 30. g3 Ng5 31. Rfe1 Nxh3+ 32. Kh2 Ng5 33. Rb1 Qa7 34. Bc1 Ne6 35. Qc4 Be7 36. Ba3 Ng5 37. Qd3 Ne6 38. Rec1 Ng5 39. f3 Ne6 40. Qc4 Bg5 41. Rd1 h5 42. Nd5 Qa8 43. Rb6 g6 44. Bc1 Bxc1 45. Ne7+ Kf8 46. Nxc6 Rc8 47. Nxe5 Be3 48. Nxg6+ Kg7 49. Rxa6 Qb7 50. Nh4 Rxc5 51. Nf5+ Kf6 52. Rxe6+ fxe6 53. Qxc5 exf5 54. Qxf5+ Kg7 55. Qe5+ Kh6 56. Qb5 Qc7 57. Rb1 Qc2+ 58. Kh3 Qc8+ 59. Qf5 Qxf5+ 60. exf5 Kg5 61. g4 d3 62. a5 d2 63. a6 hxg4+ 64. fxg4 1-0